000 00744nam a2200253 4500
001 792198
003 ARRUPE
005 20160428115501.0
008 740313s1973 sa b 000 0 eng
010 _a 74157345
015 _aSA***
020 _a0949968099
040 _aDLC
_cDLC
_dDLC
050 0 0 _aPN3171
_b.M37
082 0 0 _a792/.07/1042
100 1 _aMalan, Robin.
_923793
245 1 0 _aDrama-teach
_bdrama-in-education and theatre for young people.
_cRobin Malan
260 _aCape town,
_bD. Philip,
_c1973.
300 _aviii, 132 p.
_c22 cm.
504 _a"Recommended books and plays": p. 125-132.
650 0 _aDrama in education.
_916351
906 _a7
_bcbc
_corignew
_d4
_encip
_f19
_gy-gencatlg
942 _2lcc
_cMONOGRAPH
999 _c124763
_d124763